00814nam a2200241Ia 4500001000700000003000500007008004100012010001100053020006100064040000900125082001400134245010000148260005700248300001700305503001900322504005100341650003300392650003400425650002500459700002900484700002900513700003000542Z_6225CHAP220113s9999 xx 000 0 und d a169468 a0-12-440405-7 (alk. paper) \ 0-12-440405-5 (paper cover) cCHAP a582.5 E26 aEcology of soil seed banks /ceditores Mary Allessio Leck, V. Thomas Parker, Robert L. Simpson aEstados Unidos de América :bAcademic Press,c  axxii, 462 p. aej.1: 00180374 aBibliografía: p. 385 - 444, incluye índice aBancos de semillas de suelos aDinámica de la vegetación aSemillasxEcología a Parker, V. Thomas, ed.  a Simpson, Robert L., ed. aLeck, Mary Allessio, ed.